Pedagogias del siglo XXI : (Registro nro. 38890)

Detalles MARC
000 -LEADER
fixed length control field 01471nam a2200325 4500
001 - CONTROL NUMBER
control field 0000022735
003 - CONTROL NUMBER IDENTIFIER
control field CO-CtgCURN
005 - DATE AND TIME OF LATEST TRANSACTION
control field 20250429224110.0
007 - PHYSICAL DESCRIPTION FIXED FIELD--GENERAL INFORMATION
fixed length control field ta
008 - FIXED-LENGTH DATA ELEMENTS--GENERAL INFORMATION
fixed length control field 160627s2006 000 0 eng d
020 ## - INTERNATIONAL STANDARD BOOK NUMBER
International Standard Book Number 958940510X
040 ## - CATALOGING SOURCE
Original cataloging agency CO-CtgCURN
Language of cataloging spa
Transcribing agency coctgcurn
082 0# - DEWEY DECIMAL CLASSIFICATION NUMBER
Classification number 371
Item number Z81
100 1# - MAIN ENTRY--PERSONAL NAME
Personal name Zubiria Samper, Miguel de.
245 10 - TITLE STATEMENT
Title Pedagogias del siglo XXI :
Remainder of title mentefactos I el arte de pensar para enseñar y de enseñar para pensar /
Statement of responsibility, etc. Miguel de Zubiria Samper , edicion Gerardo Andrade Medina.
260 ## - PUBLICATION, DISTRIBUTION, ETC.
Place of publication, distribution, etc. [Santa Fe de Bogotá] :
Name of publisher, distributor, etc. Fondo de Publicaciones Bernardo Herrera Merino,
Date of publication, distribution, etc. 2006.
300 ## - PHYSICAL DESCRIPTION
Extent 238 p.
336 ## - CONTENT TYPE
Source rdacontent
337 ## - MEDIA TYPE
Source rdamedia
Media type term sin mediacion
Media type code n
338 ## - CARRIER TYPE
Source rdacarrier
Carrier type term volumen
Carrier type code nc
490 1# - SERIES STATEMENT
Series statement Tratado de pedagogia conceptual ;
Volume/sequential designation 6
504 ## - BIBLIOGRAPHY, ETC. NOTE
Bibliography, etc. note Bibliografia (p. 236-238)
505 8# - FORMATTED CONTENTS NOTE
Formatted contents note Introducción general.--Paises en via de subdesarrollo conocimiento, educación y pobreza.--Instrumentos de conocimiento y operaciones intelectuales.--Genesis de la inteligencia infantil.--El modo de pensamiento nocional.--El modo de pensamiento proposicional.--El modo de pensamiento conceptual
650 14 - SUBJECT ADDED ENTRY--TOPICAL TERM
Topical term or geographic name entry element Pedagogia
Form subdivision Paises en desarrollo
Chronological subdivision Siglo XXI.
700 1# - ADDED ENTRY--PERSONAL NAME
Personal name Andrade Medina, Gerardo,
Relator term Editor.
730 0# - ADDED ENTRY--UNIFORM TITLE
Uniform title El arte de pensar para enseñar y de enseñar para pensar.
908 ## - PUT COMMAND PARAMETER (RLIN)
Put command parameter 160627
942 ## - ADDED ENTRY ELEMENTS (KOHA)
Koha item type Libros
Classification part 371
Item part Z81
Source of classification or shelving scheme Dewey Decimal Classification
Existencias
Withdrawn status Lost status Source of classification or shelving scheme Damaged status Not for loan Collection Home library Current library Shelving location Date acquired Inventory number Total checkouts Full call number Barcode Date last seen Price effective from Koha item type Public note
    Dewey Decimal Classification     General Miguel Henríquez Castañeda Miguel Henríquez Castañeda General 04/29/2025 013516   371 Z81 013516 04/29/2025 04/29/2025 Libros 370-EDUCAC